[Event "Wch U16 Girls"]
[Site "Al Ain"]
[Date "2013.12.28"]
[Round "11"]
[White "Shakhmurzova, Fatima"]
[Black "Fiadosenka, Rahneda"]
[Result "1/2-1/2"]
[WhiteElo "1983"]
[BlackElo "1845"]
[PlyCount "57"]
[EventDate "2013.12.18"]
[EventType "swiss"]
[EventRounds "11"]
[EventCountry "UAE"]
[SourceTitle "CBM 158 Extra"]
[Source "ChessBase"]
[SourceDate "2014.02.28"]
[SourceVersion "1"]
[SourceVersionDate "2014.02.28"]
[SourceQuality "1"]

1. e4 c5 2. Nf3 Nc6 3. d4 cxd4 4. Nxd4 Nf6 5. Nc3 e5 6. Ndb5 d6 7. Bg5 a6 8. Na3 Be6 9. Bxf6 gxf6 10. g3 Nd4 11. Bg2 Rc8 12. Nd5 Bxd5 13. exd5 Qb6 14. Rb1 Nb5 15. Nxb5 Qxb5 16. c3 Bh6 17. Bf1 Qa5 18. Bh3 Rc4 19. 0-0 Qxa2 20. Qf3 Bg7 21. b3 Rc7 22. Bf5 Qd2 23. c4 0-0 24. Rbd1 Qb4 25. Rfe1 b5 26. Bd3 Rfc8 27. Qf5 h6 28. Rb1 Qd2 29. Red1 1/2-1/2

[Event "Wch U16 Girls"]
[Site "Al Ain"]
[Date "2013.12.23"]
[Round "7"]
[White "Shakhmurzova, Fatima"]
[Black "Smaraki, Mohanty"]
[Result "1-0"]
[WhiteElo "1983"]
[BlackElo "1837"]
[PlyCount "83"]
[EventDate "2013.12.18"]
[EventType "swiss"]
[EventRounds "11"]
[EventCountry "UAE"]
[SourceTitle "CBM 158 Extra"]
[Source "ChessBase"]
[SourceDate "2014.02.28"]
[SourceVersion "1"]
[SourceVersionDate "2014.02.28"]
[SourceQuality "1"]

1. d4 Nf6 2. Nf3 e6 3. e3 c5 4. Bd3 Nc6 5. 0-0 Be7 6. b3 cxd4 7. exd4 0-0 8. Bb2 b6 9. a3 Bb7 10. Nbd2 Rc8 11. Rc1 a6 12. c4 d6 13. Re1 Qd7 14. Bb1 Na5 15. b4 Nc6 16. Qc2 Na7 17. Ne5 Qd8 18. Ng4 g6 19. Ne3 Re8 20. Rcd1 Bf8 21. Qb3 Bg7 22. Ndf1 Qe7 23. Ng3 h5 24. h3 h4 25. Ngf1 Nh5 26. d5 Bxb2 27. Qxb2 e5 28. Nd2 b5 29. Bd3 Nf4 30. Bf1 f5 31. a4 Kh7 32. Qa2 Ra8 33. Qc2 Rec8 34. Qb1 Rd8 35. Kh1 Rac8 36. Nxf5 gxf5 37. Qxf5+ Ng6 38. Bd3 Qe8 39. Re4 Rxc4 40. Nxc4 bxc4 41. Rxc4 Bxd5 42. Rc7+ 1-0

[Event "Wch U16 Girls"]
[Site "Al Ain"]
[Date "2013.12.21"]
[Round "5"]
[White "Shakhmurzova, Fatima"]
[Black "Hiebler, Laura"]
[Result "1/2-1/2"]
[WhiteElo "1983"]
[BlackElo "1840"]
[PlyCount "77"]
[EventDate "2013.12.18"]
[EventType "swiss"]
[EventRounds "11"]
[EventCountry "UAE"]
[SourceTitle "CBM 158 Extra"]
[Source "ChessBase"]
[SourceDate "2014.02.28"]
[SourceVersion "1"]
[SourceVersionDate "2014.02.28"]
[SourceQuality "1"]

1. e4 e6 2. d3 d5 3. Nd2 c5 4. g3 Nc6 5. Bg2 g6 6. Ne2 Bg7 7. 0-0 Nge7 8. c3 0-0 9. Qc2 b6 10. Nf3 Bb7 11. Nh4 d4 12. c4 f5 13. exf5 exf5 14. Bg5 Qd7 15. Nf3 h6 16. Bd2 Kh7 17. a3 Ne5 18. Nxe5 Bxe5 19. f4 Bd6 20. b4 Bxg2 21. Kxg2 Qc6+ 22. Kg1 Ng8 23. Rae1 Nf6 24. Nc1 Rfe8 25. Nb3 Ng4 26. b5 Qb7 27. Qc1 Rxe1 28. Qxe1 Qd7 29. Qc1 Re8 30. Re1 Rxe1+ 31. Qxe1 Qe7 32. Qxe7+ Bxe7 33. h3 Nf6 34. a4 Nd7 35. a5 g5 36. a6 Bd8 37. Na1 Kg6 38. Nc2 Bc7 39. Kf2 1/2-1/2

[Event "RUS Cup op"]
[Site "Dombai"]
[Date "2013.10.26"]
[Round "9"]
[White "Shakhmurzova, Fatima"]
[Black "Bykova, Anastasia"]
[Result "1-0"]
[WhiteElo "1983"]
[BlackElo "2079"]
[PlyCount "75"]
[EventDate "2013.10.18"]
[EventType "swiss"]
[EventRounds "9"]
[EventCountry "RUS"]
[SourceTitle "EXT 2015"]
[Source "ChessBase"]
[SourceDate "2014.11.20"]
[SourceVersion "1"]
[SourceVersionDate "2014.11.20"]
[SourceQuality "1"]

1. e4 d5 2. exd5 Qxd5 3. d4 Nf6 4. Nf3 Bg4 5. Be2 e6 6. 0-0 Be7 7. c4 Qd8 8. Nc3 0-0 9. Be3 Nbd7 10. Qb3 Qc8 11. Rfd1 Re8 12. Rac1 a6 13. a3 Bf8 14. h3 Bh5 15. Ne5 Bxe2 16. Nxe2 c5 17. Nxd7 Nxd7 18. dxc5 Nxc5 19. Qc2 Nd7 20. b4 a5 21. c5 Nf6 22. Nc3 axb4 23. axb4 Be7 24. Bg5 Qc6 25. Bxf6 gxf6 26. Ne4 Red8 27. Qe2 Rxd1+ 28. Rxd1 f5 29. Nd6 Bxd6 30. cxd6 Rd8 31. Qe3 Rd7 32. Qe5 Qe4 33. Qc5 Qc6 34. Qe3 Kf8 35. Qe5 Kg8 36. Rd3 Qc1+ 37. Kh2 f4 38. Rc3 1-0

[Event "RUS Cup op"]
[Site "Dombai"]
[Date "2013.10.24"]
[Round "7"]
[White "Shakhmurzova, Fatima"]
[Black "Bocharova, Ulyana"]
[Result "1-0"]
[WhiteElo "1983"]
[BlackElo "1816"]
[PlyCount "67"]
[EventDate "2013.10.18"]
[EventType "swiss"]
[EventRounds "9"]
[EventCountry "RUS"]
[SourceTitle "EXT 2015"]
[Source "ChessBase"]
[SourceDate "2014.11.20"]
[SourceVersion "1"]
[SourceVersionDate "2014.11.20"]
[SourceQuality "1"]

1. f4 e6 2. Nf3 d5 3. g3 Nf6 4. Bg2 c5 5. 0-0 Bd6 6. d3 Nbd7 7. c3 b6 8. Qe1 Bb7 9. Nbd2 e5 10. fxe5 Nxe5 11. Nxe5 Bxe5 12. Nf3 Qc7 13. Nxe5 Qxe5 14. Bf4 Qe6 15. Qd1 0-0 16. Qc2 Rfe8 17. Rae1 h6 18. Bc1 Rac8 19. Qa4 a6 20. Qh4 Nd7 21. Bh3 Qc6 22. Rf2 Rcd8 23. d4 Nf6 24. Bg2 Rd6 25. Ref1 Ree6 26. c4 Qe8 27. Bf4 Ne4 28. Bxd6 Nxf2 29. Be5 g5 30. Qh5 cxd4 31. Bxd4 Ne4 32. cxd5 Bxd5 33. e3 Qc6 34. Qxf7# 1-0

[Event "RUS Cup op"]
[Site "Dombai"]
[Date "2013.10.20"]
[Round "3"]
[White "Shakhmurzova, Fatima"]
[Black "Rozhko, Dmitry"]
[Result "0-1"]
[WhiteElo "1983"]
[BlackElo "2353"]
[PlyCount "50"]
[EventDate "2013.10.18"]
[EventType "swiss"]
[EventRounds "9"]
[EventCountry "RUS"]
[SourceTitle "EXT 2015"]
[Source "ChessBase"]
[SourceDate "2014.11.20"]
[SourceVersion "1"]
[SourceVersionDate "2014.11.20"]
[SourceQuality "1"]

1. e4 d5 2. exd5 Qxd5 3. d4 Nf6 4. c4 Qe4+ 5. Ne2 e5 6. Nbc3 Bb4 7. Qa4+ Nc6 8. f3 Qh4+ 9. g3 Qh5 10. d5 Qxf3 11. dxc6 0-0 12. Qxb4 Qxh1 13. Bg5 Bh3 14. 0-0-0 Bxf1 15. cxb7 Rab8 16. Bxf6 gxf6 17. Nd5 Qf3 18. Ng1 Qf2 19. c5 Bg2 20. Ne7+ Kh8 21. c6 Rfe8 22. Kb1 a5 23. Qa3 Be4+ 24. Ka1 Rbd8 25. Re1 Qc2 0-1

[Event "Nalchik SKFO-ch"]
[Site "Nalchik"]
[Date "2013.03.22"]
[Round "9"]
[White "Shakhmurzova, Fatima"]
[Black "Abrekov, Mussa"]
[Result "0-1"]
[WhiteElo "1960"]
[BlackElo "2187"]
[PlyCount "64"]
[EventDate "2013.03.13"]
[EventType "swiss"]
[EventRounds "9"]
[EventCountry "RUS"]
[SourceTitle "CBM 153 Extra"]
[Source "ChessBase"]
[SourceDate "2013.04.22"]
[SourceVersion "1"]
[SourceVersionDate "2013.04.22"]
[SourceQuality "1"]

1. e4 c5 2. Nf3 e6 3. d4 cxd4 4. Nxd4 Nf6 5. Bd3 Nc6 6. Nxc6 bxc6 7. c4 d5 8. cxd5 cxd5 9. Nc3 Be7 10. 0-0 0-0 11. exd5 exd5 12. Bg5 Bb7 13. Re1 d4 14. Bxf6 Bxf6 15. Ne4 Be7 16. Ng3 g6 17. Bc4 Rc8 18. Qb3 Rc7 19. Rad1 Bf6 20. Ne4 Bg7 21. f4 Qa8 22. Nd6 Bxg2 23. Rd2 Bc6 24. Rde2 Qd8 25. Ne4 Qh4 26. Ng3 d3 27. Re4 d2 28. R1e2 Bxe4 29. Rxe4 Rd8 30. Be2 Rc1+ 31. Kg2 d1Q 32. Bxd1 Rcxd1 0-1

[Event "Nalchik SKFO-ch"]
[Site "Nalchik"]
[Date "2013.03.20"]
[Round "7"]
[White "Shakhmurzova, Fatima"]
[Black "Lesovoi, Evgenij"]
[Result "1-0"]
[WhiteElo "1960"]
[BlackElo "2072"]
[PlyCount "129"]
[EventDate "2013.03.13"]
[EventType "swiss"]
[EventRounds "9"]
[EventCountry "RUS"]
[SourceTitle "CBM 153 Extra"]
[Source "ChessBase"]
[SourceDate "2013.04.22"]
[SourceVersion "1"]
[SourceVersionDate "2013.04.22"]
[SourceQuality "1"]

1. e4 c6 2. d4 d5 3. exd5 cxd5 4. c4 Nf6 5. Nc3 e6 6. Nf3 Bb4 7. a3 Bxc3+ 8. bxc3 h6 9. Bd3 dxc4 10. Bxc4 0-0 11. 0-0 b6 12. a4 Ba6 13. Bxa6 Nxa6 14. Ba3 Re8 15. Ne5 Qc7 16. Qe2 Nb8 17. Rfc1 Nc6 18. Nc4 Rad8 19. Ne5 Rc8 20. Nxc6 Qxc6 21. c4 Red8 22. Bb2 Qe4 23. Qxe4 Nxe4 24. Rc2 Nd6 25. Rac1 Nf5 26. Rd2 e5 27. d5 f6 28. Rdc2 Rd7 29. Kf1 Rdc7 30. Ke2 e4 31. a5 Nd6 32. axb6 axb6 33. Bd4 Rxc4 34. Rxc4 Rxc4 35. Rxc4 Nxc4 36. Kd1 f5 37. Kc2 f4 38. Kc3 b5 39. Kb4 e3 40. Kxb5 e2 41. Bc3 Ne5 42. Kc5 Kf7 43. Kd4 f3 44. g3 Ng4 45. Ke4 Nxh2 46. Be1 Kf6 47. Bc3+ Ke7 48. Be1 g5 49. Bd2 Kd6 50. Bb4+ Kd7 51. Bd2 g4 52. Be1 Nf1 53. Ke5 h5 54. Ke4 Nh2 55. Kf4 Kc7 56. Ke4 Kc8 57. Ke5 Kb7 58. Ke4 Kb6 59. Ke5 h4 60. d6 hxg3 61. fxg3 f2 62. Bxf2+ Kc6 63. Ke6 Nf3 64. d7 Nd4+ 65. Ke7 1-0

[Event "Nalchik SKFO-ch"]
[Site "Nalchik"]
[Date "2013.03.18"]
[Round "5"]
[White "Dotdaeva, Aminat"]
[Black "Shakhmurzova, Fatima"]
[Result "1/2-1/2"]
[WhiteElo "2105"]
[BlackElo "1960"]
[PlyCount "80"]
[EventDate "2013.03.13"]
[EventType "swiss"]
[EventRounds "9"]
[EventCountry "RUS"]
[SourceTitle "CBM 153 Extra"]
[Source "ChessBase"]
[SourceDate "2013.04.22"]
[SourceVersion "1"]
[SourceVersionDate "2013.04.22"]
[SourceQuality "1"]

1. d4 d5 2. c4 c6 3. Nc3 e6 4. Nf3 dxc4 5. e3 b5 6. a4 Bb4 7. axb5 cxb5 8. Bd2 Bxc3 9. Bxc3 a5 10. b3 Bb7 11. bxc4 b4 12. Bb2 Nf6 13. Bd3 0-0 14. 0-0 Nbd7 15. Re1 Ne4 16. Qc2 Ndf6 17. Ne5 Nd6 18. c5 Nc8 19. c6 Ba6 20. Bxa6 Rxa6 21. e4 Ne7 22. Qc4 Qa8 23. d5 exd5 24. exd5 Nexd5 25. Rad1 Re8 26. Rxd5 Rxc6 27. Rc5 Rxc5 28. Qxc5 Nd7 29. Qd4 Nxe5 30. Rxe5 Rxe5 31. Qxe5 f6 32. Qe6+ Kh8 33. Qc4 Qd8 34. g3 h6 35. Qb5 Qd2 36. Qe8+ Kh7 37. Qe4+ Kh8 38. Qd4 Qe1+ 39. Kg2 a4 40. Qd8+ Kh7 1/2-1/2

[Event "Wch U16 Girls"]
[Site "Al Ain"]
[Date "2013.??.??"]
[Round "8"]
[White "Dong, Alice"]
[Black "Shakhmurzova, Fatima"]
[Result "0-1"]
[WhiteElo "1903"]
[BlackElo "1983"]
[PlyCount "100"]
[EventDate "2013.12.18"]
[EventType "swiss"]
[EventRounds "11"]
[EventCountry "UAE"]
[SourceTitle "CBM 158 Extra"]
[Source "ChessBase"]
[SourceDate "2014.02.28"]
[SourceVersion "1"]
[SourceVersionDate "2014.02.28"]
[SourceQuality "1"]

1. e4 c5 2. Nf3 d6 3. d4 cxd4 4. Nxd4 Nf6 5. Nc3 a6 6. h3 e6 7. g4 Be7 8. Bg2 Qc7 9. 0-0 0-0 10. Kh1 Nc6 11. Nde2 b5 12. Ng3 b4 13. Nce2 d5 14. c3 Bb7 15. Bd2 dxe4 16. g5 Ne8 17. Nxe4 Rd8 18. Qe1 a5 19. Rc1 Qb8 20. f4 Nd6 21. Nc5 Ba8 22. Ng3 Nc4 23. Be3 Nxb2 24. Qe2 Bxc5 25. Bxc5 Nd3 26. Bxf8 Nxc1 27. Rxc1 Qxf4 28. Qe1 Rxf8 29. Ne4 Ne5 30. Rc2 Nd3 31. Qe2 Bxe4 32. Bxe4 Nf2+ 33. Qxf2 Qxe4+ 34. Kg1 Rc8 35. Qd2 Qd5 36. cxb4 Rxc2 37. Qxc2 Qxg5+ 38. Kh1 Qd5+ 39. Kh2 Qd6+ 40. Kg2 axb4 41. Qc8+ Qf8 42. Qb7 h6 43. h4 Qc5 44. Qa8+ Kh7 45. Qe4+ g6 46. Qf4 Kg7 47. Qb8 Qc2+ 48. Kh3 Qxa2 49. Qxb4 Qa1 50. Kg3 h5 0-1

[Event "Doroshkevich Memorial op"]
[Site "Sochi"]
[Date "2012.11.26"]
[Round "1"]
[White "Zakharov, Alexander V"]
[Black "Shakhmurzova, Fatima"]
[Result "1-0"]
[WhiteElo "2377"]
[BlackElo "1966"]
[PlyCount "49"]
[EventDate "2012.11.26"]
[EventType "swiss"]
[EventRounds "9"]
[EventCountry "RUS"]
[SourceTitle "EXT 2014"]
[Source "ChessBase"]
[SourceDate "2013.11.20"]
[SourceVersion "1"]
[SourceVersionDate "2013.11.20"]
[SourceQuality "1"]

1. d4 d5 2. c4 e6 3. Nf3 c6 4. e3 f5 5. Be2 Bd6 6. 0-0 Nf6 7. b3 0-0 8. Qc2 Qe7 9. Bb2 Ne4 10. Ne5 f4 11. exf4 Rxf4 12. g3 Rf8 13. Bd3 Nf6 14. Nd2 c5 15. dxc5 Bxc5 16. Rae1 Qd6 17. Ndf3 Na6 18. Ng5 Ne4 19. Nxe4 dxe4 20. Bxe4 Nb4 21. Bxh7+ Kh8 22. Qe4 Rf6 23. Qh4 Rh6 24. Nf7+ Kxh7 25. Qe4+ 1-0

[Event "EU-ch U16 Girls"]
[Site "Prague"]
[Date "2012.08.23"]
[Round "7"]
[White "Shakhmurzova, Fatima"]
[Black "Kostitsina, Liubov"]
[Result "0-1"]
[WhiteElo "1905"]
[BlackElo "2057"]
[PlyCount "82"]
[EventDate "2012.08.17"]
[EventType "swiss"]
[EventRounds "9"]
[EventCountry "CZE"]
[SourceTitle "CBM 150 Extra"]
[Source "ChessBase"]
[SourceDate "2012.10.19"]
[SourceVersion "1"]
[SourceVersionDate "2012.10.19"]
[SourceQuality "1"]

1. e4 c5 2. Nf3 e6 3. d4 cxd4 4. Nxd4 a6 5. Bd3 Bc5 6. Nb3 Ba7 7. c4 Nc6 8. 0-0 d6 9. Nc3 Ne5 10. Be2 Qc7 11. Nd2 Nf6 12. Kh1 h5 13. Qe1 Bd7 14. Nf3 Nxc4 15. Bxc4 Qxc4 16. b3 Qc7 17. Bf4 Bc6 18. Rd1 e5 19. Bc1 0-0 20. Ba3 Rad8 21. Ng5 Rfe8 22. Rc1 Qb6 23. Qe2 Bd7 24. h3 Bb5 25. Nxb5 axb5 26. Bb4 Rc8 27. Rcd1 Rcd8 28. Rc1 d5 29. Bc5 Qa6 30. Bxa7 Qxa7 31. Rc7 Qb6 32. Rfc1 Nxe4 33. Nxf7 Qxf2 34. Qxb5 Ng3+ 35. Kh2 Qf4 36. Nxd8 Ne2+ 37. Kh1 Ng3+ 38. Kg1 Rxd8 39. Rc8 Kh7 40. Rxd8 Qxc1+ 41. Kh2 h4 0-1

[Event "EU-ch U16 Girls"]
[Site "Prague"]
[Date "2012.08.18"]
[Round "2"]
[White "Navrotescu, Andreea Cristiana"]
[Black "Shakhmurzova, Fatima"]
[Result "0-1"]
[WhiteElo "2090"]
[BlackElo "1905"]
[PlyCount "60"]
[EventDate "2012.08.17"]
[EventType "swiss"]
[EventRounds "9"]
[EventCountry "CZE"]
[SourceTitle "CBM 150 Extra"]
[Source "ChessBase"]
[SourceDate "2012.10.19"]
[SourceVersion "1"]
[SourceVersionDate "2012.10.19"]
[SourceQuality "1"]

1. d4 d5 2. c4 e6 3. Nc3 c6 4. Nf3 dxc4 5. a4 Bb4 6. e4 b5 7. Be2 Bb7 8. 0-0 a6 9. e5 h6 10. Ne4 Nd7 11. b3 cxb3 12. Qxb3 Be7 13. Ba3 Qb8 14. Bxe7 Nxe7 15. Nd6+ Kf8 16. Nh4 c5 17. axb5 cxd4 18. bxa6 Bxa6 19. Qxb8+ Nxb8 20. Rfb1 Nec6 21. Bxa6 Rxa6 22. Rxa6 Nxa6 23. Rb6 Nab4 24. Rb7 d3 25. Kf1 Nxe5 26. Rxb4 Ke7 27. Nc4 Rc8 28. Rb7+ Kf8 29. Rxf7+ Nxf7 30. Ng6+ Ke8 0-1

[Event "EU-ch U16 Girls"]
[Site "Prague"]
[Date "2012.08.17"]
[Round "1"]
[White "Shakhmurzova, Fatima"]
[Black "Hatasova, Michaela"]
[Result "1-0"]
[WhiteElo "1905"]
[BlackElo "1641"]
[PlyCount "69"]
[EventDate "2012.08.17"]
[EventType "swiss"]
[EventRounds "9"]
[EventCountry "CZE"]
[SourceTitle "CBM 150 Extra"]
[Source "ChessBase"]
[SourceDate "2012.10.19"]
[SourceVersion "1"]
[SourceVersionDate "2012.10.19"]
[SourceQuality "1"]

1. e4 c5 2. Nf3 Nc6 3. d4 cxd4 4. Nxd4 Nf6 5. Nc3 d6 6. Bg5 e6 7. Qd2 Be7 8. 0-0-0 a6 9. f4 d5 10. e5 Nd7 11. Bxe7 Qxe7 12. Nxd5 Qd8 13. Ne3 Nxd4 14. Qxd4 0-0 15. Nc4 b5 16. Nd6 Nb6 17. Bd3 Rb8 18. Qe4 g6 19. h4 f5 20. Qf3 h5 21. Qg3 Kh7 22. Be2 Qe7 23. Qg5 Qxg5 24. hxg5 Kg7 25. Bf3 Na4 26. Nxc8 Rfxc8 27. Rd6 Rc7 28. Rhd1 a5 29. Rd7+ Rxd7 30. Rxd7+ Kf8 31. Ra7 Rd8 32. Rxa5 Rd4 33. Rxb5 Rxf4 34. Kd2 h4 35. b3 1-0

[Event "Kislovodsk Narzan op"]
[Site "Kislovodsk"]
[Date "2012.07.09"]
[Round "9"]
[White "Shakhmurzova, Fatima"]
[Black "Bilyak, Alexander"]
[Result "1-0"]
[WhiteElo "1892"]
[BlackElo "1920"]
[PlyCount "101"]
[EventDate "2012.07.01"]
[EventType "swiss"]
[EventRounds "9"]
[EventCountry "RUS"]
[SourceTitle "EXT 2013"]
[Source "ChessBase"]
[SourceDate "2012.11.22"]
[SourceVersion "1"]
[SourceVersionDate "2012.11.22"]
[SourceQuality "1"]

1. e4 c5 2. Nf3 d6 3. d4 cxd4 4. Nxd4 Nf6 5. Nc3 a6 6. Be2 Qc7 7. 0-0 e6 8. Be3 b5 9. a3 Bb7 10. f3 Be7 11. Qe1 d5 12. exd5 Nxd5 13. Nxd5 Bxd5 14. f4 0-0 15. Qg3 Nd7 16. Qh3 Nf6 17. Rfd1 Rac8 18. Bd3 Rfd8 19. Nf3 Be4 20. Bxe4 Nxe4 21. c3 Rxd1+ 22. Rxd1 Bc5 23. Nd4 Nf6 24. Kh1 Rd8 25. Rf1 Qb6 26. b4 Bxd4 27. Bxd4 Qc7 28. Qg3 Ne8 29. Qf2 Qc4 30. Re1 Nd6 31. Bb6 Rc8 32. Bd4 Qb3 33. Bc5 Nf5 34. g4 Nh6 35. Qf3 Rd8 36. f5 Kh8 37. f6 g6 38. Bb6 Rd5 39. Bd4 Ng8 40. Qf2 Qc4 41. Qg3 Qc8 42. Qe3 Qd8 43. Qf3 Qa8 44. Rxe6 Qd8 45. Re1 h6 46. Qf4 Kh7 47. Rf1 Rd6 48. Qf3 Qd7 49. Rc1 Re6 50. Rd1 Qc8 51. Rf1 1-0

[Event "Kislovodsk Narzan op"]
[Site "Kislovodsk"]
[Date "2012.07.07"]
[Round "7"]
[White "Shakhmurzova, Fatima"]
[Black "Sakhvadze, Georgy"]
[Result "0-1"]
[WhiteElo "1892"]
[BlackElo "2105"]
[PlyCount "82"]
[EventDate "2012.07.01"]
[EventType "swiss"]
[EventRounds "9"]
[EventCountry "RUS"]
[SourceTitle "EXT 2013"]
[Source "ChessBase"]
[SourceDate "2012.11.22"]
[SourceVersion "1"]
[SourceVersionDate "2012.11.22"]
[SourceQuality "1"]

1. e4 e5 2. Nf3 Nc6 3. Bc4 Nf6 4. d3 Bc5 5. 0-0 d6 6. c3 Bg4 7. h3 Bh5 8. Nbd2 a6 9. a4 h6 10. Re1 g5 11. b4 Bb6 12. Nf1 g4 13. hxg4 Nxg4 14. Be3 Nxe3 15. Nxe3 Bxe3 16. Rxe3 Rg8 17. Rb1 Qf6 18. d4 Rg7 19. Bd5 Nd8 20. Bc4 Ne6 21. Bxe6 Qxe6 22. dxe5 0-0-0 23. Qf1 Bxf3 24. Rxf3 Qxe5 25. b5 a5 26. b6 c6 27. Rf5 Qxe4 28. Rxa5 Rxg2+ 29. Qxg2 Qxb1+ 30. Kh2 Kb8 31. Rh5 Qxb6 32. Rxh6 Qa5 33. Qg3 Qd5 34. Rh4 f6 35. Qh3 Rg8 36. Qf1 Qe5+ 37. Kh1 Qxc3 38. Rh3 Qd4 39. a5 Qd5+ 40. Kh2 Qxa5 41. Qc4 Qe5+ 0-1

[Event "Moscow op (Women)"]
[Site "Moscow"]
[Date "2012.02.01"]
[Round "5"]
[White "Shakhmurzova, Fatima"]
[Black "Grigoryeva, Olga A"]
[Result "1/2-1/2"]
[WhiteElo "1893"]
[BlackElo "2146"]
[PlyCount "52"]
[EventDate "2012.01.28"]
[EventType "swiss"]
[EventRounds "9"]
[EventCountry "RUS"]
[SourceTitle "CBM 146 Extra"]
[Source "ChessBase"]
[SourceDate "2012.02.29"]
[SourceVersion "1"]
[SourceVersionDate "2012.02.29"]
[SourceQuality "1"]

1. e4 c5 2. Nf3 Nc6 3. d4 cxd4 4. Nxd4 e5 5. Nb5 d6 6. N1c3 a6 7. Na3 b5 8. Nd5 Nce7 9. c4 Nxd5 10. exd5 bxc4 11. Bxc4 f5 12. 0-0 Nf6 13. Nb1 Be7 14. Nc3 0-0 15. b4 f4 16. f3 g5 17. Bb2 g4 18. Ne2 gxf3 19. gxf3 Bh3 20. Rf2 Kh8 21. Kh1 Qb6 22. Qc1 Nh5 23. Ng1 Bf5 24. Rd2 Bf6 25. Bd3 Ng7 26. Bc4 Rac8 1/2-1/2

[Event "Moscow op (Women)"]
[Site "Moscow"]
[Date "2012.01.30"]
[Round "3"]
[White "Shakhmurzova, Fatima"]
[Black "Abdumalik, Zhansaya"]
[Result "1-0"]
[WhiteElo "1893"]
[BlackElo "2119"]
[PlyCount "105"]
[EventDate "2012.01.28"]
[EventType "swiss"]
[EventRounds "9"]
[EventCountry "RUS"]
[SourceTitle "CBM 146 Extra"]
[Source "ChessBase"]
[SourceDate "2012.02.29"]
[SourceVersion "1"]
[SourceVersionDate "2012.02.29"]
[SourceQuality "1"]

1. e4 c5 2. Nf3 d6 3. d4 cxd4 4. Nxd4 Nf6 5. Nc3 a6 6. f3 e6 7. Be3 b5 8. Qd2 Bb7 9. 0-0-0 Nbd7 10. g4 Nb6 11. Qe1 Rc8 12. Kb1 Qc7 13. Bd3 Be7 14. g5 Nfd7 15. f4 b4 16. Nce2 d5 17. e5 Nc4 18. Bc1 Nc5 19. Nb3 a5 20. Nxc5 Qxc5 21. h4 a4 22. h5 Rb8 23. g6 fxg6 24. Qg3 Ba6 25. Bxc4 Bxc4 26. Nd4 Qc8 27. b3 Bb5 28. hxg6 h6 29. Bb2 Rf8 30. Rxh6 gxh6 31. g7 Kd7 32. gxf8Q Qxf8 33. Qg4 Qg8 34. Qxg8 Rxg8 35. Nxb5 a3 36. Bc1 h5 37. Nd4 Bc5 38. Nf3 Rg3 39. Ng5 h4 40. Ne4 Bb6 41. Nf6+ Kc6 42. f5 h3 43. fxe6 Bc5 44. Bf4 Rg7 45. Nxd5 Kb7 46. e7 Bxe7 47. Nxe7 Rxe7 48. Re1 Re6 49. c3 Kc6 50. cxb4 Kd5 51. Re3 h2 52. Bxh2 Rh6 53. Re2 1-0

[Event "Moscow op (Women)"]
[Site "Moscow"]
[Date "2012.01.28"]
[Round "1"]
[White "Shakhmurzova, Fatima"]
[Black "Cheremnova, Tamara"]
[Result "0-1"]
[WhiteElo "1893"]
[BlackElo "2260"]
[PlyCount "78"]
[EventDate "2012.01.28"]
[EventType "swiss"]
[EventRounds "9"]
[EventCountry "RUS"]
[SourceTitle "CBM 146 Extra"]
[Source "ChessBase"]
[SourceDate "2012.02.29"]
[SourceVersion "1"]
[SourceVersionDate "2012.02.29"]
[SourceQuality "1"]

1. e4 c6 2. d4 d5 3. exd5 cxd5 4. Bd3 Nc6 5. c3 Qc7 6. h3 e6 7. Nf3 Bd6 8. 0-0 Nge7 9. Re1 Bd7 10. Nbd2 f6 11. c4 0-0-0 12. a3 g5 13. b4 Kb8 14. c5 Bf4 15. Nb3 a6 16. Nfd2 e5 17. Nf1 Nf5 18. Bxf5 Bxf5 19. Ne3 Be6 20. Bb2 h5 21. Bc3 g4 22. g3 gxh3 23. a4 h4 24. gxf4 exf4 25. Nf1 Qg7+ 26. Ng3 hxg3 27. Qf3 h2+ 28. Kh1 g2+ 29. Qxg2 Qxg2+ 30. Kxg2 Bh3+ 31. Kf3 Rdg8 32. Kxf4 Bg2 33. b5 Nd8 34. bxa6 bxa6 35. Rab1 h1Q 36. Na5+ Kc8 37. Rxh1 Rxh1 38. Rb6 Rh3 39. Bd2 Rf3# 0-1

[Event "EU-ch U14 Girls"]
[Site "Albena"]
[Date "2011.09.15"]
[Round "5"]
[White "Shakhmurzova, Fatima"]
[Black "Styazhkina, Anna"]
[Result "1/2-1/2"]
[WhiteElo "1852"]
[BlackElo "2052"]
[PlyCount "81"]
[EventDate "2011.09.11"]
[EventType "swiss"]
[EventRounds "9"]
[EventCountry "BUL"]
[SourceTitle "CBM 144 Extra"]
[Source "ChessBase"]
[SourceDate "2011.10.28"]
[SourceVersion "1"]
[SourceVersionDate "2011.10.28"]
[SourceQuality "1"]

1. e4 d6 2. d4 Nf6 3. Nc3 e5 4. d5 Be7 5. f3 0-0 6. Be3 c6 7. Qd2 cxd5 8. exd5 Kh8 9. 0-0-0 a6 10. g4 b5 11. g5 Nh5 12. Nge2 Nd7 13. Ne4 f5 14. gxf6 Nhxf6 15. Bh3 Nb6 16. Bxb6 Qxb6 17. Bxc8 Raxc8 18. Nxf6 Rxf6 19. Qd3 Rf7 20. Kb1 Bg5 21. h4 Be3 22. Rhf1 Rc4 23. Ng3 Rfc7 24. Nf5 Bf4 25. Rg1 Qf2 26. c3 b4 27. Nxd6 bxc3 28. Nxc4 Rxc4 29. Qc2 Qb6 30. d6 Bd2 31. Rg2 Rc5 32. Rgxd2 cxd2 33. Qxd2 Rc8 34. Qd5 h6 35. a3 Qf2 36. d7 Qc2+ 37. Ka2 Rd8 38. Rg1 Qf5 39. Rd1 Qc2 40. Rg1 Qf5 41. Rd1 1/2-1/2

[Event "EU-ch U14 Girls"]
[Site "Albena"]
[Date "2011.09.12"]
[Round "2"]
[White "Kisteneva, Elizaveta"]
[Black "Shakhmurzova, Fatima"]
[Result "1/2-1/2"]
[WhiteElo "1980"]
[BlackElo "1852"]
[PlyCount "134"]
[EventDate "2011.09.11"]
[EventType "swiss"]
[EventRounds "9"]
[EventCountry "BUL"]
[SourceTitle "CBM 144 Extra"]
[Source "ChessBase"]
[SourceDate "2011.10.28"]
[SourceVersion "1"]
[SourceVersionDate "2011.10.28"]
[SourceQuality "1"]

1. e4 e5 2. Nf3 Nc6 3. Bb5 a6 4. Ba4 Nf6 5. 0-0 d6 6. Re1 b5 7. Bb3 Be7 8. c3 0-0 9. h3 Na5 10. Bc2 c5 11. d4 Qc7 12. Nbd2 Re8 13. b3 Bf8 14. Nf1 g6 15. d5 Bg7 16. N3h2 Nb7 17. Ne3 h6 18. Qf3 Qe7 19. Neg4 Nxg4 20. Nxg4 Kh7 21. Qg3 a5 22. Bd3 Bd7 23. Qe3 h5 24. Nh2 a4 25. Bd2 Rec8 26. Qe2 Na5 27. bxa4 c4 28. Bc2 bxa4 29. Rab1 Rab8 30. Be3 Qe8 31. Bb6 Nb3 32. axb3 cxb3 33. Ba5 bxc2 34. Qxc2 Bf8 35. Nf3 Be7 36. Nd2 Rxb1 37. Rxb1 Rb8 38. Bb4 Qc8 39. Qa2 Qa6 40. Qc4 Bb5 41. Qc7 Rb7 42. Qa5 Qxa5 43. Bxa5 a3 44. Ra1 Bd3 45. Bb4 Bg5 46. Nf3 Be7 47. Bxa3 Bxe4 48. Bxd6 Bxf3 49. Bxe7 Bxd5 50. Bf6 e4 51. c4 Bxc4 52. Ra8 g5 53. Bxg5 Kg6 54. Be3 Rd7 55. Rh8 Rd5 56. Kh2 Kg7 57. Rc8 Bd3 58. Kg3 Rd7 59. Rc5 Be2 60. Re5 Rd6 61. Rxe4 Bd3 62. Re5 Bg6 63. f4 Re6 64. f5 Rxe5 65. Bd4 Bxf5 66. Kf4 Kg6 67. Kxe5 Be6 1/2-1/2